| 000 | 00633nam a2200229 a 4500 | ||
|---|---|---|---|
| 001 | BRCA_6679 | ||
| 005 | 20190320205542.0 | ||
| 008 | 131011s1914----gw-a######---#000-0#ger-# | ||
| 041 | _ager | ||
| 044 | _agw | ||
| 050 | 4 |
_aQB981 _b.Z45 1914 |
|
| 100 | 1 |
_aZehnder, Ludwig Albert _d1854- _916705 |
|
| 245 | 1 | 0 |
_aDer ewige Kreislauf des Weltalls _cvon Ludwig Zehnder. |
| 260 |
_aBrunswick, Alemania _bFriedr Vieweg _c1914 |
||
| 300 |
_avii, 408 p. _bil. _c24 cm. |
||
| 500 | _aIncluye índice de nombres | ||
| 500 | _aL201 | ||
| 650 | 1 | 4 |
_aHipótesis nebular _916706 |
| 650 | 1 | 4 |
_aAstronomía _97908 |
| 902 | _aGFM | ||
| 942 |
_2lcc _cB |
||
| 999 |
_c6362 _d6362 |
||